00929 2200337 4500001002100000005001500021035002000036007000300056008004100059040001700100100001800117245007600135250001000211300003000221504002400251020002200275041000800297082001000305084001600315090002100331260003400352500002600386600003300412650000900445700002700454850001000481990002500491990002500516990002500541990002500566INLIS00000000000238320260602021842 a0010-0220000234ta260602 0  aSBPUPADbind0 aEndah Dwi A.K1 aKreasi Flanel pada Busana Anak /cEndah Dwi A.K; Editor, Berliyandi T.R aCet.1 a79 hlm. :bilus. ;c26 cm aBibliografi, hlm 80 a987-602-9186-96-3 aind a746.4 a746.4 END k a746.4 END k 23-9 aSurabaya :bTiara Aksa,c2014 aProfil Penulis hlm 80 4aMenggambar dan Seni Dekorasi 4aSeni aEditor: Berliyandi T.R aPUPAD a30.663/APBD/DPK/2019 a30.664/APBD/DPK/2019 a30.665/APBD/DPK/2019 a30.666/APBD/DPK/2019